| 000 | 00570nam a2200181Ia 4500 | ||
|---|---|---|---|
| 003 | IN-BaIIA | ||
| 008 | 211028s9999 xx 000 0 eng d | ||
| 020 | _a978-1-118-91332-1 | ||
| 040 | _cIIA Library | ||
| 080 |
_a523.07 _bCOC |
||
| 100 |
_aCockell, C. S _936645 |
||
| 245 | 0 |
_aAstrobiology _bunderstanding life in the universe _cC. S Cockell |
|
| 260 |
_aChichester _bWiley-Blackwell _c2015 |
||
| 300 | _axvi, 449p. | ||
| 650 |
_aExobiology _920584 |
||
| 650 |
_aScience - life science - evolution _936646 |
||
| 942 | _cBK | ||
| 999 |
_c19188 _d19188 |
||